000 00469nam a2200133Ia 4500
005 20260209120152.0
008 260209s9999||||xx |||||||||||||| ||und||
100 _aRudra Shandilya
245 0 _aManoeuvre of SPACs in India : an analysis
260 _aBangaloreBangalore
_bNLSIU, Bangalore
_c2024 - 2025
300 _a39 p. ; 25 cm.
700 _aDr. Sudhanshu Kumar - SupervisorDr. Sudhanshu Kumar - Supervisor
856 _uhttps://dans.nls.ac.in/handle/123456789/2474
999 _c217769
_d217769